| 000 | 00758nam a2200265 a 4500 | ||
|---|---|---|---|
| 001 | 0001-0980 | ||
| 003 | ELIB.Books | ||
| 008 | 140918 2010 eng | ||
| 020 | _aKBTS | ||
| 035 | _a(ELIB.Books)0001-1134 | ||
| 092 |
_a230.0415 _bTay |
||
| 100 | _aTaylor, Vincent | ||
| 245 |
_aForgiveness and Reconciliation _bA Study in New Testament Theology |
||
| 260 |
_aLondon _bMacmillan and Co., Limited _c1952 |
||
| 300 |
_a242 _c21.5 Cm |
||
| 500 | _aDr. Yahalaylayla | ||
| 650 | _aNew Testament Theology | ||
| 730 | _aForgiveness and Reconciliation | ||
| 740 | _aA Study in New Testament Theology | ||
| 856 |
_nKBTS; Library _uKBTS; Elib. |
||
| 942 |
_2ddc _cBK |
||
| 990 | _a1 | ||
| 998 |
_cbat _e2014-09-18 |
||
| 999 |
_c10980 _d10980 |
||